Profile: UMass Amherst Quiz Stats

 Plays Quiz not verified by Sporcle

Support Sporcle.
Go Orange.
Score 0/20 Timer 07:00
0 Plays Today
Hint Answer % Correct
UMass has several other campuses across Massachusetts. Name the town or city of any of these campuses.Dartmouth, Boston, Lowell, Worcester
68.2%
Name any two of the three school colors.

Maroon, Black, White
58.8%
In what year (within 10 years) was the University established? 1863
58.2%
UMass Amherst is a member of the Five College Consortium. Name any of the other members.Amherst College, Smith College, Mount Holyoke College, Hampshire College
51.2%
Julius 'Dr. J' Erving is an alumnus of UMass Amherst. Name any of the NBA or ABA teams he played for. Philadelphia 76ers, New York Nets, Virginia Squires
42.4%
Nobel Laureate Russell Alan Hulse is an alumnus of UMass Amherst. He won for the discovery of the first binary pulsar. In what field did he receive his Nobel Prize?Physics
39.4%
What are the athletic teams named?

Minutemen and Minutewomen
34.1%
Name any of the Residential Areas on campus.


Southwest, Northeast, Orchard Hill, Central, Sylvan, North Apartments, Lincoln Apartments, Commonwealth Honors College Residential Community
33.5%
Jack Welch is an alumnus of UMass Amherst (where he studied chemical engineering). Which company was he chairman and CEO of from 1981 to 2001?General Electric
33.5%
Jonathan Quick played collegiate hockey at UMass Amherst. What NHL team does he play for?Los Angeles Kings
31.2%
Hint Answer % Correct
UMass Amherst is home to the tallest library in North America. For which American sociologist, historian, writer, and civil rights activist is this library named?W.E.B. Du Bois
28.8%
Which NCAA Division I Conference is UMass Amherst part of?

Atlantic 10
28.8%
Name the county Amherst is located in.

Hampshire County
28.2%
Name any of the towns that border Amherst.

Hadley, Sunderland, Leverett, Shutesbury, Pelham, Belchertown, Granby, South Hadley
27.6%
What is the name of the mascot for UMass Amherst?Sam the Minuteman
27.1%
Bill Pullman is a UMass Amherst alumnus who has acted in many films and TV shows. One of his early notable roles was that of Lone Starr in what satirical movie? Spaceballs
25.3%
What was the original name of the University? Massachusetts Agricultural College
20%
What is the name of the daily newspaper published at UMass Amherst? The Massachusetts Daily Collegian
17.1%
UMass Amherst is home to the DEFA Film Library, the only archive and study collection in the United States of films from what former country?East Germany
17.1%
Name the UMass Amherst alumna who is known for hit songs such as 'Our Love', 'This Will Be', and 'Inseparable'.Natalie Cole
14.1%

You're not logged in!

Compare scores with friends on all Sporcle quizzes.
OR
Log In

From the Vault

Baby Names: Top 100 Boys (2010)

by jkat

Those in the top 10 are just going to have to go by their last name for their entire school career.
Remove Ads.
Support Sporcle.
Get the best of Sporcle when you Go Orange. This ad-free experience offers more features, more stats, and more fun while also helping to support Sporcle. Thank you for becoming a member.

Show Comments

Extras

Top Quizzes Today


Score Distribution

Your Account Isn't Verified!

In order to create a playlist on Sporcle, you need to verify the email address you used during registration. Go to your Sporcle Settings to finish the process.

Report this User

Report this user for behavior that violates our Community Guidelines.

Details: